000 00554nam a22001937i 4500
001 3419
003 OSt
005 20170126082318.0
007 tu
008 161220s1996 xxu||||| |||| 00| 0 d
024 7 _a3418
_2RID
040 _cOSt
084 _a11.7
_2z
245 0 0 _aGrünbuch über die Beziehungen zwischen der Europäischen Union und den AKP-Staaten an der Schwelle zum 21. Jahrhundert. Vorlage der Kommission
260 _aBrüssel,
_c1996.
300 _a89 S. :
_bAnh. ;
_c30cm.
651 _aACP countries
110 2 _aEuropäische Kommission
_eEd.
942 _cB
999 _c3369
_d3369